00431nam a2200193Ia 4500003000900000008004100009040001300050040001300063041000800076100001800084245006300102250000900165260001800174260000900192300001100201300001000212490000800222490000700230IT-RoPAU120407s9999 xx 000 0 und d aIT-RoPAU cIT-RoPAU aita aGiorgio Penzo aIl potere. Saggi di filosofia sociale e politica. AA. VV. aRoma aCittà Nuova c1085 a194 p. c18 cm aIde v69